| 000 | 00453nam a2200133Ia 4500 | ||
|---|---|---|---|
| 008 | 181023s9999 xx 000 0 und d | ||
| 020 | _a97812600112920 | ||
| 100 | _aHall, John. | ||
| 245 |
_cJohn Hall.-- _aTop of mind : _buse content to unleash your influence and engage those who matter to you / |
||
| 260 |
_aUSA : _bMcGraw Hill _c2017 |
||
| 300 | _axvii, 184 pages. | ||
| 650 | _aConsumers -- information services. | ||
| 650 | _aConsumers -- research. | ||
| 999 |
_c359308 _d359308 |
||